| 000 | 00412nam a2200145Ia 4500 | ||
|---|---|---|---|
| 008 | 230917s9999||||xx |||||||||||||| ||und|| | ||
| 040 |
_e114900 _aMAIN |
||
| 041 | _aEnglish | ||
| 082 | _a320.50954 P872P | ||
| 100 | _aPal, R M | ||
| 245 | 0 | _aPower to the people: The politcial thought of M.K. Gandhi, M.N. Roy and Jayaprakash Narayan. 2V | |
| 260 |
_aNew Delhi _bGyan _c2007 |
||
| 300 | _a438 p. | ||
| 942 | _cBK | ||
| 999 |
_c140504 _d140504 |
||